| 000 | 01079cam a22003257a 4500 | ||
|---|---|---|---|
| 003 | CHAP | ||
| 005 | 20220329133456.0 | ||
| 008 | 971013s1992 r 00010 d | ||
| 010 | _a6822 | ||
| 011 | _a7794 | ||
| 035 | _a7018 | ||
| 040 | _cCHAP | ||
| 090 | _aFolleto 14102y | ||
| 100 | 0 | 0 |
_aSkovmand, Bent. _9106841 |
| 245 | 1 | 4 |
_aLos recursos genéticos de trigo en el CIMMYT _b: su conservación, enriquecimiento y distribución |
| 260 |
_aMéxico, D.F. : _bCentro Internacional de Mejoramiento de Maíz y Trigo, _c1992 |
||
| 300 |
_a19 p. _b: ilus. |
||
| 590 |
_aBATCH-UPD _b10 _c20130109 _lUCH01 _h2333 |
||
| 590 |
_aBATCH-UPD _b10 _c20130110 _lUCH01 _h1903 |
||
| 590 |
_aBATCH-UPD _b10 _c20130410 _lUCH01 _h1231 |
||
| 590 |
_aBATCH-UPD _b10 _c20130914 _lUCH01 _h1659 |
||
| 590 |
_aCONVERSION _b10 _c20130109 _lUCH01 _h1305 |
||
| 650 | 1 | 4 |
_aRecursos genéticos. _995078 |
| 650 | 1 | 4 |
_aTrigo _xGermoplasma. _9115033 |
| 700 | 0 |
_aHettel, G. P. _955077 |
|
| 700 | 0 |
_aVarughese, G. _9118172 |
|
| 901 | _aBK | ||
| 942 | _cFOLL | ||
| 949 |
_aFolleto 14102y _bBC _cFOLL _d-16782 _eTS1 _i7018 _si |
||
| 999 |
_c6822 _d6822 |
||